[Event "Augsburg op"]
[Site "Augsburg"]
[Date "2013.12.30"]
[Round "7"]
[White "Reimann, Sebastian"]
[Black "Reichert, Sebastian"]
[Result "1-0"]
[WhiteElo "1712"]
[BlackElo "1496"]
[PlyCount "39"]
[EventDate "2013.12.27"]
[EventType "swiss"]
[EventRounds "7"]
[EventCountry "GER"]
[SourceTitle "CBM 158 Extra"]
[Source "ChessBase"]
[SourceDate "2014.02.28"]
[SourceVersion "1"]
[SourceVersionDate "2014.02.28"]
[SourceQuality "1"]

1. e4 c5 2. Nf3 d6 3. d4 cxd4 4. Nxd4 Nf6 5. Nc3 a6 6. Bg5 e6 7. f4 e5 8. fxe5 dxe5 9. Nf3 Qb6 10. Bxf6 gxf6 11. Nd5 Qc6 12. Be2 Nd7 13. 0-0 Nb6 14. Kh1 f5 15. Nxe5 Qd6 16. Nxb6 Qxb6 17. Bh5 Be6 18. Bxf7+ Ke7 19. Bxe6 Qxe6 20. exf5 1-0

[Event "Augsburg op"]
[Site "Augsburg"]
[Date "2013.12.27"]
[Round "1"]
[White "Weichlein, Paul"]
[Black "Reichert, Sebastian"]
[Result "1-0"]
[WhiteElo "1998"]
[BlackElo "1496"]
[PlyCount "55"]
[EventDate "2013.12.27"]
[EventType "swiss"]
[EventRounds "7"]
[EventCountry "GER"]
[SourceTitle "CBM 158 Extra"]
[Source "ChessBase"]
[SourceDate "2014.02.28"]
[SourceVersion "1"]
[SourceVersionDate "2014.02.28"]
[SourceQuality "1"]

1. d4 d5 2. c4 c6 3. Nc3 Nf6 4. Qc2 e6 5. Bg5 h6 6. Bh4 g5 7. Bg3 Nbd7 8. e3 Nh5 9. Nf3 Nxg3 10. hxg3 Bg7 11. Be2 Qc7 12. cxd5 exd5 13. Nxd5 Qa5+ 14. Nc3 Nb6 15. Kf1 Be6 16. Rb1 Nd7 17. b4 Qc7 18. Ne4 a6 19. Nc5 Nxc5 20. bxc5 Rb8 21. Nd2 Ke7 22. Bc4 b5 23. cxb6 Rxb6 24. Bxe6 Rxb1+ 25. Qxb1 fxe6 26. Qg6 Bf8 27. Ke2 Rg8 28. Qxg8 1-0